| 000 | 00397nam a2200133Ia 4500 | ||
|---|---|---|---|
| 008 | 250506s9999 xx 000 0 und d | ||
| 024 | _a03B-11-BS & 04B-009-BS | ||
| 082 | _a658.872072 SHA | ||
| 100 | _aM. Shaji Uddin & Naseer Ahmed | ||
| 245 | 0 | _aCustomer Relationship Management | |
| 260 |
_aKarachi: _bUIT, _c2004 |
||
| 600 | _aComputer Science | ||
| 650 | _aBachelor of Computer Science (BS) | ||
| 999 |
_c27468 _d27468 |
||